Québécois célèbres par images - Statistiques

Statistiques générales
  • Ce quiz a été pris 359 fois
    63 depuis la dernière actualisation
  • Le résultat moyen est 8 sur 16
Statistiques - réponses
Par images Hint Réponse % Correct
Chanteuse Céline Dion
100%
Chanteur Garou
89%
Chanteuse Cœur de Pirate
73%
Réalisateur Denis Villeneuve
61%
Combattant Georges Saint-Pierre
61%
Homme politique Pierre Elliot Trudeau
54%
Réalisateur Xavier Dolan
50%
Chanteur Robert Charlebois
48%
Chanteuse Isabelle Boulay
46%
Pilote Jacques Villeneuve
45%
Danseur Jean-Marc Généreux
32%
Humoriste Anthony Kavanagh
30%
Chanteur Léonard Cohen
27%
Chanteuse Mylène Farmer
27%
Poète Émile Nelligan
25%
Pianiste Oscar Peterson
11%
Aucun quiz correspondant
Distribution des résultats
% des personnes avec chaque résultat
Percentile par nombre de réponses
Votre historique - résultats
Vous n’avez pas pris ce quiz depuis la dernière actualisation